[Event "CRO-chT3 West"]
[Site "Croatia"]
[Date "2011.11.05"]
[Round "7.54"]
[White "Senjic, Pero"]
[Black "Oreskovic, Milan"]
[Result "0-1"]
[WhiteElo "1914"]
[BlackElo "2037"]
[PlyCount "70"]
[EventDate "2011.03.12"]
[EventType "team-tourn"]
[EventRounds "9"]
[EventCountry "CRO"]
[SourceTitle "EXT 2014"]
[Source "ChessBase"]
[SourceDate "2013.11.20"]
[SourceVersion "1"]
[SourceVersionDate "2013.11.20"]
[SourceQuality "1"]

1. d4 d5 2. c4 dxc4 3. Nc3 Nf6 4. e4 e6 5. Bxc4 Be7 6. Be3 0-0 7. h4 Re8 8. Bd3 e5 9. d5 Ng4 10. Nf3 Nxe3 11. fxe3 Bg4 12. Qb3 Bxf3 13. gxf3 Bxh4+ 14. Ke2 Nd7 15. Bb5 Bf6 16. Rag1 a6 17. Bd3 Nc5 18. Qd1 Qd6 19. Qf1 Qb6 20. b3 Qb4 21. Kd2 Rad8 22. Qh3 Rxd5 23. exd5 e4 24. Bxe4 Qxc3+ 25. Ke2 Qb2+ 26. Kf1 Qc1+ 27. Ke2 Qb2+ 28. Kf1 Qa1+ 29. Kg2 Qxa2+ 30. Kg3 Be5+ 31. Kg4 Qxb3 32. Bxh7+ Kf8 33. e4 Qe3 34. Qh5 Nd3 35. Qg5 Nf2+ 0-1

[Event "CRO-chT2 West"]
[Site "Croatia"]
[Date "2010.03.27"]
[Round "1.14"]
[White "Oljaca, Manuel2222"]
[Black "Senjic, Pero"]
[Result "1-0"]
[WhiteElo "2008"]
[BlackElo "1932"]
[PlyCount "109"]
[EventDate "2010.03.27"]
[EventType "team-tourn"]
[EventRounds "9"]
[EventCountry "CRO"]
[SourceTitle "EXT 2012"]
[Source "ChessBase"]
[SourceDate "2011.11.24"]
[SourceVersion "1"]
[SourceVersionDate "2011.11.24"]
[SourceQuality "1"]

1. d4 Nf6 2. c4 c5 3. d5 d6 4. Nc3 e5 5. e4 Be7 6. f4 Bg4 7. Be2 Bxe2 8. Qxe2 Nbd7 9. Nf3 h6 10. fxe5 Nxe5 11. Nxe5 dxe5 12. 0-0 a6 13. a4 0-0 14. Qf3 Qd7 15. Bd2 Nh7 16. a5 Bg5 17. Be3 Qd6 18. Na4 Rac8 19. Bf2 Bd8 20. Qa3 Be7 21. Be3 Nf6 22. Qd3 Nd7 23. Ra3 Qg6 24. Rb3 Rc7 25. Nb6 Rd8 26. Rf5 Bd6 27. Nxd7 Rcxd7 28. Rb6 f6 29. h3 Qg3 30. Qe2 Qg6 31. Qf2 Rc8 32. b4 cxb4 33. c5 Be7 34. Rxb4 Bd8 35. Ra4 Qe8 36. Ra3 Rf7 37. Qb2 g6 38. Rf3 h5 39. g4 hxg4 40. hxg4 Qd7 41. Qg2 g5 42. Rh3 Rh7 43. Rxh7 Qxh7 44. Bf2 Qd7 45. Qh3 Qh7 46. Qf3 Qd7 47. Kg2 Be7 48. d6 Bd8 49. Ra1 Ra8 50. Rh1 Bxa5 51. Qh3 Qg7 52. Qb3+ Kf8 53. d7 Rd8 54. c6 Bc7 55. Bc5+ 1-0

[Event "Porec op"]
[Site "Porec"]
[Date "2009.12.03"]
[Round "2"]
[White "Konic, Zlatko"]
[Black "Senjic, Pero"]
[Result "0-1"]
[WhiteElo "2080"]
[BlackElo "1923"]
[PlyCount "116"]
[EventDate "2009.12.03"]
[EventType "swiss"]
[EventRounds "7"]
[EventCountry "CRO"]
[SourceTitle "CBM 133 Extra"]
[Source "ChessBase"]
[SourceDate "2010.01.05"]
[SourceVersion "1"]
[SourceVersionDate "2010.01.05"]
[SourceQuality "1"]

1. d4 Nf6 2. c4 g6 3. Nc3 Bg7 4. e4 d6 5. Nf3 0-0 6. Be3 c5 7. Be2 Nc6 8. d5 Nb4 9. 0-0 Ng4 10. Bg5 Ne5 11. Ne1 f5 12. a3 Na6 13. f4 Nf7 14. Bh4 fxe4 15. Qc2 Bd4+ 16. Kh1 e3 17. g4 Nh6 18. h3 Bd7 19. Ng2 Qe8 20. Qe4 Rf7 21. Bg5 Qf8 22. Nxe3 Nc7 23. Nc2 Bf6 24. Qd3 Bg7 25. Ne3 Kh8 26. Rf3 e6 27. Raf1 exd5 28. cxd5 b5 29. Qd2 a5 30. Ng2 Re8 31. Re3 b4 32. Nd1 Ng8 33. Bf3 Bd4 34. Rxe8 Nxe8 35. Nde3 Qg7 36. axb4 axb4 37. b3 Bb5 38. Nc4 Bxc4 39. bxc4 Ra7 40. Qe2 Ngf6 41. Re1 b3 42. Rb1 Ra2 43. Qe6 b2 44. Bxf6 Nxf6 45. g5 Ra1 46. Qe1 Nd7 47. Kh2 Qf8 48. Be4 Qe7 49. Nh4 Qf7 50. Qf1 Nb6 51. Ng2 Na4 52. Qd3 Rxb1 53. Qxb1 Nc3 54. Qxb2 Nxe4 55. Qb1 Qe7 56. Nh4 Nc3 57. Nxg6+ hxg6 58. Qxg6 Qe2+ 0-1

[Event "Porec op"]
[Site "Porec"]
[Date "2008.12.07"]
[Round "7"]
[White "Saric, Husnija"]
[Black "Senjic, Pero"]
[Result "1-0"]
[WhiteElo "1791"]
[BlackElo "1965"]
[PlyCount "95"]
[EventDate "2008.12.04"]
[EventType "swiss"]
[EventRounds "7"]
[EventCountry "CRO"]
[SourceTitle "CBM 127 Extra"]
[Source "ChessBase"]
[SourceDate "2009.01.08"]
[SourceVersion "2"]
[SourceVersionDate "2009.01.28"]
[SourceQuality "1"]

1. d4 Nf6 2. Nf3 e6 3. a3 d5 4. e3 Bd6 5. c4 0-0 6. Qc2 b6 7. Nbd2 a5 8. b3 Bb7 9. Bd3 h6 10. Bb2 Nbd7 11. 0-0 Rc8 12. e4 dxe4 13. Nxe4 Nxe4 14. Bxe4 Bxe4 15. Qxe4 Nf6 16. Qd3 c5 17. Rfe1 Re8 18. h3 Qc7 19. dxc5 Bxc5 20. Be5 Qe7 21. Bd4 Rcd8 22. Qe3 Nd7 23. Bxc5 Nxc5 24. Ne5 Rd6 25. b4 Nb7 26. c5 bxc5 27. bxc5 Rd5 28. c6 Nc5 29. Rec1 Rc8 30. Rc4 Qd6 31. f4 a4 32. Rac1 Nb3 33. R1c2 Qxa3 34. Qa7 Qa1+ 35. Kh2 Rd1 36. Qxf7+ Kh8 37. Qxe6 Rh1+ 38. Kg3 Qe1+ 39. Kg4 Qd1+ 40. Nf3 Rc7 41. Qe8+ Kh7 42. Qe4+ g6 43. Rxa4 Na1 44. Rd2 Qf1 45. Ra8 Rg1 46. Kg3 Rf7 47. Nxg1 h5 48. Nf3 1-0

[Event "Porec op"]
[Site "Porec"]
[Date "2008.12.05"]
[Round "3"]
[White "Mrkaljevic, Jakub"]
[Black "Senjic, Pero"]
[Result "1-0"]
[WhiteElo "1947"]
[BlackElo "1965"]
[PlyCount "61"]
[EventDate "2008.12.04"]
[EventType "swiss"]
[EventRounds "7"]
[EventCountry "CRO"]
[SourceTitle "CBM 127 Extra"]
[Source "ChessBase"]
[SourceDate "2009.01.08"]
[SourceVersion "2"]
[SourceVersionDate "2009.01.28"]
[SourceQuality "1"]

1. d4 Nc6 2. e4 e5 3. d5 Nce7 4. Bg5 d6 5. c4 h6 6. Bh4 c6 7. Nc3 Qb6 8. Qc2 f5 9. f3 cxd5 10. cxd5 fxe4 11. Bb5+ Kf7 12. fxe4 a6 13. Be2 Qc7 14. Bf2 Bd7 15. Nf3 g5 16. 0-0 Nf6 17. Rad1 Ng6 18. g3 Bh3 19. Rfe1 Ng4 20. Bf1 Bxf1 21. Rxf1 Kg7 22. h3 Nxf2 23. Qxf2 Qd7 24. Ne2 Be7 25. Nfd4 Bd8 26. Ne6+ Kg8 27. Qf5 Bb6+ 28. Kh2 Nf8 29. Qf6 Nxe6 30. dxe6 Qc7 31. e7 1-0

[Event "Buje"]
[Site "Buje"]
[Date "2008.01.26"]
[Round "2"]
[White "Bulic, Domagoj"]
[Black "Senjic, Pero"]
[Result "1-0"]
[WhiteElo "2195"]
[BlackElo "1965"]
[PlyCount "81"]
[EventDate "2008.01.19"]
[EventType "tourn"]
[EventRounds "7"]
[EventCountry "CRO"]
[SourceTitle "EXT 2010"]
[Source "ChessBase"]
[SourceDate "2010.11.25"]
[SourceVersion "1"]
[SourceVersionDate "2010.11.25"]
[SourceQuality "1"]

1. c4 c5 2. Nc3 Nf6 3. e4 Nc6 4. d3 g6 5. f4 d6 6. Be2 Bg7 7. Nf3 Nd4 8. 0-0 0-0 9. Kh1 e6 10. Be3 Nxf3 11. Bxf3 Rb8 12. e5 Ne8 13. d4 dxe5 14. dxe5 Qxd1 15. Rfxd1 b6 16. Nb5 a6 17. Na7 Bb7 18. Nc6 Bxc6 19. Bxc6 f6 20. Bd7 fxe5 21. Bxe6+ Kh8 22. fxe5 Bxe5 23. Rab1 Ng7 24. Bd7 Nf5 25. Bxf5 Rxf5 26. b4 cxb4 27. Rxb4 b5 28. c5 Bc3 29. Re4 Rbf8 30. Kg1 h5 31. g3 Kg7 32. Rd3 b4 33. c6 Rc8 34. Rc4 a5 35. c7 Rf7 36. Bb6 a4 37. Rd8 Rf8 38. Rf4 Rg8 39. Rd7+ Kh8 40. Rxb4 Rxc7 41. Rxc7 1-0

[Event "Porec op"]
[Site "Porec"]
[Date "2007.12.08"]
[Round "6"]
[White "Senjic, Pero"]
[Black "Chilton, Alexis"]
[Result "1-0"]
[WhiteElo "1976"]
[BlackElo "2000"]
[PlyCount "111"]
[EventDate "2007.12.06"]
[EventType "swiss"]
[EventRounds "7"]
[EventCountry "CRO"]
[SourceTitle "CBM 121 Extra"]
[Source "ChessBase"]
[SourceDate "2008.01.10"]
[SourceVersion "1"]
[SourceVersionDate "2008.01.10"]
[SourceQuality "1"]

1. d4 c5 2. d5 d6 3. c4 e5 4. e4 Be7 5. Nf3 Nf6 6. Nc3 Nbd7 7. a3 0-0 8. h3 Kh8 9. Be3 Ng8 10. Qd2 Ndf6 11. Be2 Ne8 12. g4 g6 13. g5 f5 14. gxf6 Nexf6 15. 0-0-0 Nh5 16. Ng5 Bxg5 17. Bxg5 Nhf6 18. Rdf1 a6 19. f4 Qe8 20. fxe5 Qxe5 21. Bd3 Bd7 22. Bf4 Qe7 23. Re1 Nh5 24. Bh2 Rf3 25. e5 dxe5 26. Bxe5+ Ngf6 27. d6 Qe6 28. Nd5 Qf7 29. Be4 Rxh3 30. Rhf1 Re8 31. Bxf6+ Nxf6 32. Rxf6 Qg7 33. Bc2 Rxe1+ 34. Qxe1 Bc6 35. Qf2 Rh1+ 36. Bd1 Qh6+ 37. Ne3 Kg8 38. Qf4 Qxf4 39. Rxf4 Kg7 40. Nd5 g5 41. Re4 Kf8 42. Kd2 h5 43. Bf3 Rh2+ 44. Re2 Rh3 45. Rf2 Kg7 46. Be4 g4 47. Bf5 Rb3 48. Kc2 g3 49. Rg2 Rf3 50. d7 Bxd7 51. Bxd7 h4 52. Bh3 Kg6 53. Kd2 Rb3 54. Kc1 b5 55. cxb5 axb5 56. Nc3 1-0

[Event "Portoroz op 9th"]
[Site "Portoroz"]
[Date "2007.09.29"]
[Round "3"]
[White "Senjic, Pero"]
[Black "Grobovsek, Ivan"]
[Result "1-0"]
[WhiteElo "1976"]
[BlackElo "1921"]
[PlyCount "89"]
[EventDate "2007.09.28"]
[EventType "swiss"]
[EventRounds "7"]
[EventCountry "SLO"]
[SourceTitle "CBM 120 Extra"]
[Source "ChessBase"]
[SourceDate "2007.11.01"]
[SourceVersion "1"]
[SourceVersionDate "2007.11.01"]
[SourceQuality "1"]

1. e4 e5 2. Nf3 Nf6 3. Bc4 Nc6 4. 0-0 Be7 5. d4 d6 6. d5 Nb8 7. Bd3 c6 8. c4 0-0 9. h3 Na6 10. Be3 cxd5 11. cxd5 Nb4 12. Nc3 Nxd3 13. Qxd3 Bd7 14. b4 a6 15. a4 Nh5 16. a5 f5 17. Rfe1 f4 18. Bb6 Qe8 19. Nh2 g5 20. Ng4 Nf6 21. f3 Nxg4 22. hxg4 h5 23. gxh5 Qxh5 24. Kf2 Qh4+ 25. Ke2 Qh2 26. Rh1 Qg3 27. Bf2 Qxg2 28. Rag1 Qxh1 29. Rxh1 g4 30. fxg4 Bxg4+ 31. Kd2 Kf7 32. b5 Bd7 33. bxa6 Rxa6 34. Bb6 Rg8 35. Qf3 Bg4 36. Qf1 f3 37. Nb5 Bg5+ 38. Kd3 Rxb6 39. axb6 Ra8 40. Rg1 Bd7 41. Nxd6+ Kg6 42. Qc1 Ra3+ 43. Qxa3 f2 44. Rxg5+ Kxg5 45. Ke2 1-0

[Event "Porec op"]
[Site "Porec"]
[Date "2004.12.05"]
[Round "7"]
[White "Popovic, Mirko"]
[Black "Senjic, Pero"]
[Result "1/2-1/2"]
[WhiteElo "1934"]
[BlackElo "1965"]
[PlyCount "117"]
[EventDate "2004.12.02"]
[EventType "swiss"]
[EventRounds "7"]
[EventCountry "CRO"]
[SourceTitle "CBM 103 Extra"]
[Source "ChessBase"]
[SourceDate "2005.01.01"]
[SourceVersion "1"]
[SourceVersionDate "2005.01.01"]
[SourceQuality "1"]

1. e4 d6 2. d4 Nf6 3. Nc3 c6 4. Nf3 Bg4 5. Be2 Nbd7 6. Bg5 Qa5 7. Bd2 Qb6 8. 0-0 Bxf3 9. Bxf3 Qxd4 10. Ne2 Qb6 11. Be3 Qc7 12. g3 h5 13. h4 Ne5 14. Bg2 Nc4 15. Bd4 e5 16. Bc3 Be7 17. b3 Nb6 18. Ba5 Qd7 19. c4 Nc8 20. Qd3 b6 21. Bc3 a5 22. Kh2 g5 23. hxg5 Ng4+ 24. Kg1 Bxg5 25. Bh3 Qc7 26. f4 Bf6 27. Rad1 Rg8 28. Qf3 Na7 29. fxe5 Bxe5 30. Bxe5 dxe5 31. Qf5 Rd8 32. Rxd8+ Kxd8 33. Qxh5 Qd7 34. Rxf7 Qd1+ 35. Bf1 Ne3 36. Qf3 Nxf1 37. Qxf1 Qxf1+ 38. Kxf1 Nc8 39. Kf2 Nd6 40. Ra7 Nxe4+ 41. Ke3 Nd6 42. Ra8+ Nc8 43. Ke4 Kc7 44. c5 Kb7 45. Rxc8 Rxc8 46. cxb6 Kxb6 47. g4 Kc5 48. g5 Rg8 49. Kf5 Rf8+ 50. Ke6 Rf2 51. Ng3 Rg2 52. Ne4+ Kd4 53. Kf5 Rxa2 54. g6 Rg2 55. Ng5 Rf2+ 56. Kg4 Rg2+ 57. Kh4 Rh2+ 58. Nh3 Rg2 59. Ng5 1/2-1/2

[Event "Porec op"]
[Site "Porec"]
[Date "2004.12.04"]
[Round "6"]
[White "Senjic, Pero"]
[Black "Pahor, Andrea"]
[Result "0-1"]
[WhiteElo "1965"]
[BlackElo "2063"]
[PlyCount "96"]
[EventDate "2004.12.02"]
[EventType "swiss"]
[EventRounds "7"]
[EventCountry "CRO"]
[SourceTitle "CBM 103 Extra"]
[Source "ChessBase"]
[SourceDate "2005.01.01"]
[SourceVersion "1"]
[SourceVersionDate "2005.01.01"]
[SourceQuality "1"]

1. d4 Nf6 2. Nf3 e6 3. c4 Bb4+ 4. Bd2 c5 5. e3 0-0 6. Bxb4 cxb4 7. Bd3 d6 8. Nbd2 Re8 9. e4 e5 10. d5 a5 11. a3 Na6 12. axb4 Nxb4 13. Be2 Bg4 14. 0-0 Qb6 15. b3 Na6 16. Nh4 Bd7 17. Kh1 Nc5 18. Qc2 a4 19. Rab1 axb3 20. Nxb3 Ncxe4 21. Bd3 Nc5 22. Nxc5 Qxc5 23. Rxb7 Ba4 24. Qc1 Qd4 25. Bxh7+ Nxh7 26. Nf5 Qc5 27. Qc3 Nf8 28. Ne7+ Kh8 29. Qh3+ Nh7 30. Qf3 Qxc4 31. Rfb1 Qf4 32. Qh5 Bc2 33. Rg1 Rab8 34. Rc7 Rb1 35. Rxc2 Reb8 36. Rd1 Qg5 37. Qe2 Qxe7 38. g3 Qb7 39. Kg2 Rxd1 40. Qxd1 Nf6 41. Rc6 Qb4 42. f3 e4 43. h4 e3 44. Rc2 Re8 45. g4 Qb3 46. Qe2 Nxd5 47. Kg3 Nc3 48. Qd3 Ne4+ 0-1

[Event "Porec op"]
[Site "Porec"]
[Date "2004.12.03"]
[Round "3"]
[White "Ikica, Ante"]
[Black "Senjic, Pero"]
[Result "1-0"]
[WhiteElo "2100"]
[BlackElo "1965"]
[PlyCount "135"]
[EventDate "2004.12.02"]
[EventType "swiss"]
[EventRounds "7"]
[EventCountry "CRO"]
[SourceTitle "CBM 103 Extra"]
[Source "ChessBase"]
[SourceDate "2005.01.01"]
[SourceVersion "1"]
[SourceVersionDate "2005.01.01"]
[SourceQuality "1"]

1. e4 c5 2. Nf3 d6 3. c3 e6 4. d4 cxd4 5. cxd4 Nf6 6. Nc3 Be7 7. Bd3 a6 8. 0-0 0-0 9. Be3 Nbd7 10. a4 e5 11. a5 Ng4 12. Bd2 exd4 13. Nxd4 Nge5 14. Be2 Nf6 15. f4 Nc6 16. Nxc6 bxc6 17. Bf3 d5 18. e5 Bc5+ 19. Kh1 Ne8 20. Na4 Be7 21. b4 Rb8 22. Nb6 Bb7 23. Rc1 Nc7 24. Na4 f5 25. Qb3 Kh8 26. Be3 Qe8 27. Nc5 Bc8 28. Be2 Nb5 29. Rfd1 Rf7 30. Bh5 g6 31. Bf3 Bf8 32. Rc2 Bxc5 33. Bxc5 Rfb7 34. e6 Bxe6 35. Re2 Qf7 36. Rde1 Re8 37. Qb2+ Kg8 38. h3 Rbb8 39. g3 h6 40. Kg2 Rbd8 41. Kh2 Nd6 42. Bd4 Ne4 43. Qc2 Qb7 44. Rb1 Rc8 45. Ba1 Kh7 46. Bd4 Qf7 47. Rg2 Qe7 48. Qd1 c5 49. bxc5 Nxc5 50. Rb6 Ra8 51. Qb1 Rec8 52. Qb4 Rc7 53. Bxc5 Rxc5 54. Rb7 Bd7 55. Rxd7 Qxd7 56. Qxc5 Rc8 57. Qxd5 Qxd5 58. Bxd5 Rc5 59. Rd2 Rxa5 60. h4 Kg7 61. Bb7 Ra1 62. Rd6 a5 63. h5 gxh5 64. Bc8 a4 65. Bxf5 a3 66. Ra6 h4 67. Be6 hxg3+ 68. Kxg3 1-0

[Event "Porec op"]
[Site "Porec"]
[Date "2004.12.03"]
[Round "4"]
[White "Senjic, Pero"]
[Black "Konic, Zlatko"]
[Result "1-0"]
[WhiteElo "1965"]
[BlackElo "2061"]
[PlyCount "103"]
[EventDate "2004.12.02"]
[EventType "swiss"]
[EventRounds "7"]
[EventCountry "CRO"]
[SourceTitle "CBM 103 Extra"]
[Source "ChessBase"]
[SourceDate "2005.01.01"]
[SourceVersion "1"]
[SourceVersionDate "2005.01.01"]
[SourceQuality "1"]

1. d4 e5 2. d5 g6 3. e4 Bg7 4. c4 d6 5. Nc3 Ne7 6. h4 Nd7 7. Be3 f5 8. g3 Nf6 9. Bd3 c6 10. Qb3 0-0 11. f3 Nh5 12. Nge2 fxe4 13. Bxe4 cxd5 14. cxd5 Bd7 15. 0-0-0 Kh8 16. g4 Nf4 17. Nxf4 exf4 18. Bd2 a5 19. a4 b5 20. axb5 Qb6 21. Kb1 Be5 22. Bd3 a4 23. Qb4 Rfc8 24. Rhe1 Ng8 25. Bxf4 Bxf4 26. Qxf4 a3 27. Qe3 Qxe3 28. Rxe3 axb2 29. Kxb2 Rab8 30. Ra1 Rc7 31. Ra5 Nf6 32. g5 Rxc3 33. Kxc3 Nxd5+ 34. Kd4 Nxe3 35. Kxe3 Kg8 36. Kd4 Kf7 37. Bc4+ Ke7 38. Ra7 Rb6 39. f4 Kd8 40. Ra8+ Kc7 41. Ra5 Kd8 42. Kc3 Rb7 43. Kb4 Bf5 44. Bd5 Rb8 45. Ra7 Bd7 46. Rb7 Rxb7 47. Bxb7 Be6 48. b6 Kd7 49. Kb5 d5 50. Kc5 Bg4 51. Bxd5 Kc8 52. Kd6 1-0

[Event "Porec op"]
[Site "Porec"]
[Date "2004.12.02"]
[Round "1"]
[White "Cherin, Diego"]
[Black "Senjic, Pero"]
[Result "1-0"]
[WhiteElo "2272"]
[BlackElo "1965"]
[PlyCount "49"]
[EventDate "2004.12.02"]
[EventType "swiss"]
[EventRounds "7"]
[EventCountry "CRO"]
[SourceTitle "CBM 103 Extra"]
[Source "ChessBase"]
[SourceDate "2005.01.01"]
[SourceVersion "1"]
[SourceVersionDate "2005.01.01"]
[SourceQuality "1"]

1. e4 c5 2. Nf3 d6 3. d4 cxd4 4. Nxd4 Nf6 5. Nc3 a6 6. Bc4 g6 7. f3 Nc6 8. Be3 Bg7 9. Qd2 Qc7 10. Bb3 h5 11. 0-0-0 Bd7 12. Kb1 Na5 13. Rhe1 Nxb3 14. cxb3 b5 15. Bg5 0-0 16. Bxf6 exf6 17. Nd5 Qb7 18. Qf4 f5 19. Ne7+ Kh7 20. exf5 Rae8 21. Qg5 Rxe7 22. Rxe7 Bxd4 23. fxg6+ Kg7 24. gxf7+ Kh7 25. Qxh5+ 1-0